Ultima stagione in Serie A per squadra - Quiz n°3 - Statistics

Statistiche generali
  • Questo quiz è stato fatto 7 volte
  • Il punteggio medio è 6 su 10
Statistiche sulle risposte
Hint Risposta % Corretto
Cremonese 2022-2023
86%
Monza 2023-2024
86%
Reggina 2008-2009
71%
Hellas Verona 2023-2024
71%
Legnano 1953-1954
57%
SPAL 2019-2020
57%
Varese 1974-1975
43%
Pistoiese 1980-1981
43%
Cesena 2014-2015
43%
ChievoVerona 2018-2019
43%
Nessun quiz corrispondente trovato
Distribuzione punteggi
Percentuale di utenti per punteggio
Percentile per numero di risposta
I tuoi punteggi nel tempo
Non hai fatto questo quiz